000 01007cam a2200289 a 4500
001 1765
003 BD-RjUL
005 20211208233415.0
008 131209s1986 ne a 001 0 eng d
020 _a0444879366
035 _a(BD-RjUL)1792
040 _aDLC
_cDLC
_dDLC
_dBD-RjUL
_beng
041 _aeng
082 0 0 _a330.028
_219
_bJUI
100 1 _aJudge, George G.
_95845
245 1 0 _aImproved methods of inference in econometrics /
_cGeorge G. Judge and Thomas A. Yancey.
260 _aAmsterdam ;
_aNew York :
_bNorth-Holland ;
_aNew York, N.Y., U.S.A. :
_bElsevier Science Pub. Co. [distributor,
_cc1986.
300 _axvi, 291 p. :
_bill. ;
_c23 cm.
504 _aIncludes bibliographies and indexes.
650 0 _aEconometrics.
_95847
650 0 _aDecision making.
_95848
650 0 _aStatistical hypothesis testing.
_95849
700 1 _aYancey, Thomas A.
_95850
942 _2ddc
_cBK
999 _c1765
_d1765